000 00336nam a2200145Ia 4500
005 20250603145443.0
008 250603s9999 xx 000 0 und d
020 _a978- 0- 14- 017739- 8
050 _aPN2093.C64
100 _aJohn Steinbeck
245 0 _aOf mice and men
260 _bPenguin books
300 _a107 p
942 _cBK
999 _c41907
_d41907